000 01143nam0a2200313 4500
001 RU\NLR\BIBL_A\022601108
005 20260420052047.0
010 _a978-5-00207-832-5
_91000
021 _aRU
_bКН-П-25-035544
_9КН-П-25-3501
035 _a(NLR Aleph) 022601108
090 _a13681598
_c13681598
100 _a20250814d2025 u y0rusy50 ca
101 0 _arus
102 _aRU
105 _ay z 000ay
181 0 _ai4
_baxxe
182 0 _an
200 1 _aТамга
_eфантастический роман
_fЗейнеб Баирова
203 _aТекст
_bвизуальный
_cнепосредственный
210 _aСимферополь
_cАкъмесджит
_aСаратов
_cАмирит
_d2025
215 _a279 с.
_d21
300 _aНа обороте тит. с. в аннот авт.: З. Баирова - психолог
686 2 _aШ6(2=Крым)7-4
700 1 _aБаирова
_bЗ. М.
_f1987-
_gЗейнеб Музафаровна
942 _cBOOK
980 _aNB